| 000 | 00635nam a2200217Ia 4500 | ||
|---|---|---|---|
| 003 | GCL | ||
| 008 | 140319s9999 xx 000 0 ara d | ||
| 040 |
_aGCL / _cGCL |
||
| 082 | 0 | 4 |
_a537 _bا ا |
| 100 | 1 | _aسعدالدين محمود يوسف | |
| 245 | 1 | 0 |
_aالكترونيات للجميع / _cسعدالدين محمود يوسف |
| 700 | 1 | _aابتون، مونرو | |
| 300 | _a383 ص | ||
| 490 |
_aالالف كتاب _v0 |
||
| 650 | 0 | 4 | _aالكهرباء |
| 650 | 0 | 4 | _aالالكترونات |
| 650 | 0 | 4 | _aالذرات |
| 650 | 0 | 4 | _aالايونات |
| 650 | 0 | 4 | _aالموجات الكهربائية |
| 942 |
_2ddc _cBK |
||
| 999 |
_c45638 _d45638 |
||